Lei mi odia /

Đã lưu trong:
Chi tiết về thư mục
Tác giả chính: Blanchard, Terence (Nhà soạn nhạc)
Tác giả khác: Dennehy, Brian, (1938-2020) (Diễn viên), Brown, Jim, (1936- ) (Diễn viên), Washington, Kerry (Diễn viên), Debbouze, Jamel (Diễn viên), Genet, Michael (Người viết kịch bản), Mackie, Anthony (Diễn viên), Barkin, Ellen (Diễn viên), Bellucci, Monica (Diễn viên), Lee, Spike (Giám đốc, Nhà sản xuất, Người viết kịch bản)
Định dạng: Slide
Ngôn ngữ:Tiếng Italy
Tiếng Anh
Được phát hành: [Campi Bisenzio] : Dolmen home video, [2005]
Loạt:Max dvd collection
Các nhãn: Thêm thẻ
Không có thẻ, Là người đầu tiên thẻ bản ghi này!

MARC

LEADER 00000ngm a22000007i 4500
001 IT\ICCU\RAV\1323179
003 ItRI
005 20260124182908.0
008 050411s2005 it |||||||||||||||k|||||c
024 3 1 |a 8032700992387 
028 4 2 |a PSV9105 
040 |b ita 
041 7 |a ita  |a eng  |2 ISO-639-2 
082 |a 791.4372  |9 DESCRIZIONE, VALUTAZIONE CRITICA, SCENEGGIATURA DI SINGOLI FILM  |2 19 
130 0 |a She hate me <film ; 2004>  |3 IT\ICCU\RAV\1323196 
245 0 0 |a Lei mi odia /  |c regia di Spike Lee ; sceneggiatura di Michael Genet & Spike Lee ; musiche originali Terence Blanchard ; prodotto da: Spike Lee, Preston Holmes e Fernando Sulichin. 
246 1 3 |a Lei mi odia <risorsa elettronica>  |9 IT\ICCU\RAV\1337396 
260 |a [Campi Bisenzio] :  |b  Dolmen home video,  |c [2005] 
300 |a 1 DVD video (134 min.) ;  |c in contenitore, 19 cm 
500 |a Caratteristiche tecniche: area assente; formato video: 1.85:1, 16:9; audio dolby digital 5.1 
500 |a Lingue: italiano, inglese; sottotitoli per non udenti: italiano 
500 |a Tit. del contenitore 
500 |a Produzione cinematografica USA, 2004 
500 |a  Interpreti: Anthony Mackie, Kerry Washington, Ellen Barkin, Monica Bellucci, Jim Brown, Jamel Debbouze, Brian Dennehy 
500 |a Data del catalogo editoriale 
500 |a Contenuti extra: scene tagliate, dietro le quinte, interviste al festival di Venezia 2004, schede filmografiche 
500 |a Vietato ai minori di 14 anni. 
700 1 |a Dennehy, Brian,  |d  (1938-2020)  |0 IT\ICCU\RAVV\089868  |4 act 
700 1 |a Brown, Jim,  |d  (1936- )  |0 IT\ICCU\RAVV\304251  |4 act 
700 1 |a Washington, Kerry  |0 IT\ICCU\RAVV\373819  |4 act 
700 1 |a Debbouze, Jamel  |0 IT\ICCU\RAVV\415541  |4 act 
700 1 |a Genet, Michael  |0 IT\ICCU\RAVV\422590  |4 sce 
700 1 |a Mackie, Anthony  |0 IT\ICCU\RAVV\422591  |4 act 
700 1 |a Barkin, Ellen  |0 IT\ICCU\UBOV\483026  |4 act 
700 1 |a Bellucci, Monica  |0 IT\ICCU\UBOV\487280  |4 act 
700 1 |a Blanchard, Terence  |0 IT\ICCU\UFIV\083041  |4 cmp 
700 1 |a Lee, Spike  |0 IT\ICCU\VEAV\000639  |4 drt 
700 1 |a Lee, Spike  |0 IT\ICCU\VEAV\000639  |4 pro 
700 1 |a Lee, Spike  |0 IT\ICCU\VEAV\000639  |4 sce 
790 1 |a Dennehy, Brian Manion,  |d  (1938-2020)  |3 IT\ICCU\SBNV\064941  |z Dennehy, Brian (1938-2020) 
790 1 |a Lee, Shelton Jackson  |3 IT\ICCU\SBNV\034321  |z Lee, Spike 
790 1 |a Lee, Shelton Jackson  |3 IT\ICCU\SBNV\034321  |z Lee, Spike 
790 1 |a Lee, Shelton Jackson  |3 IT\ICCU\SBNV\034321  |z Lee, Spike 
830 0 |a Max dvd collection  |0 IT\ICCU\UFE\0665964 
942 |2 ddc  |c VM  |n 0 
952 |0 0  |1 0  |4 0  |6 VO_1076_000000000000000  |7 0  |9 27721  |a BO  |b BO  |d 2026-01-24  |i 8701  |l 0  |o VO 1076  |p BO8701  |r 2026-01-24 18:29:08  |w 2026-01-24  |x [Sebina 5] [1 dvd]  |y VM  |z 1 dvd 
999 |c 23494  |d 23494